[Event "46th Greek Team Championship"]
[Site "chess24.com"]
[Date "2018.07.11"]
[Round "3"]
[White "Pavlidou, Ekaterini"]
[Black "Markantonaki, Haritomeni"]
[Result "1/2-1/2"]
[Board "5"]
[WhiteElo "2186"]
[WhiteTitle "WIM"]
[WhiteCountry "GRE"]
[WhiteFideId "4213262"]
[WhiteEloChange "-1"]
[BlackElo "2152"]
[BlackTitle "WFM"]
[BlackCountry "GRE"]
[BlackFideId "4207050"]
[BlackEloChange "1"]

1. d4 {[%clk 1:30:22]} Nf6 {[%clk 1:30:45]} 2. c4 {[%clk 1:30:34]} e6 {[%clk
1:31:07]} 3. Nc3 {[%clk 1:30:20]} Bb4 {[%clk 1:31:10]} 4. e3 {[%clk 1:30:33]} O-O
{[%clk 1:31:28]} 5. Ne2 {[%clk 1:30:38]} Re8 {[%clk 1:30:46]} 6. a3 {[%clk
1:30:54]} Bf8 {[%clk 1:31:08]} 7. g3 {[%clk 1:23:42]} d5 {[%clk 1:30:35]} 8. cxd5
{[%clk 1:23:56]} exd5 {[%clk 1:30:30]} 9. Bg2 {[%clk 1:23:33]} c6 {[%clk
1:29:07]} 10. O-O {[%clk 1:23:19]} Bf5 {[%clk 1:26:55]} 11. Nf4 {[%clk 1:16:05]}
Nbd7 {[%clk 1:24:20]} 12. h3 {[%clk 1:16:05]} h6 {[%clk 1:19:59]} 13. Nd3 {[%clk
1:05:41]} Ne4 {[%clk 1:17:34]} 14. Ne2 {[%clk 1:02:33]} Bh7 {[%clk 1:11:10]} 15.
Kh2 {[%clk 0:54:29]} Qc7 {[%clk 0:58:54]} 16. b3 {[%clk 0:43:54]} Rad8 {[%clk
0:53:23]} 17. a4 {[%clk 0:40:58]} Bd6 {[%clk 0:49:04]} 18. Ba3 {[%clk 0:37:44]}
Ndf6 {[%clk 0:42:06]} 19. Bxd6 {[%clk 0:34:31]} Nxd6 {[%clk 0:41:58]} 20. Rc1
{[%clk 0:32:18]} Qe7 {[%clk 0:39:20]} 21. Ne5 {[%clk 0:25:00]} Nfe4 {[%clk
0:36:32]} 22. Nc3 {[%clk 0:20:53]} Nxc3 {[%clk 0:33:11]} 23. Rxc3 {[%clk
0:21:10]} Ne4 {[%clk 0:33:19]} 24. Bxe4 {[%clk 0:17:52]} Bxe4 {[%clk 0:33:09]}
25. f3 {[%clk 0:16:40]} Bh7 {[%clk 0:30:36]} 26. Ng4 {[%clk 0:13:55]} Qb4 {[%clk
0:25:18]} 27. Qc1 {[%clk 0:12:19]} f6 {[%clk 0:21:52]} 28. Nf2 {[%clk 0:11:22]}
Re6 {[%clk 0:20:26]} 29. Kg2 {[%clk 0:09:50]} Rde8 {[%clk 0:20:46]} 30. h4 {[%clk
0:09:10]} Qe7 {[%clk 0:16:16]} 31. Re1 {[%clk 0:09:15]} Qb4 {[%clk 0:15:04]} 32.
h5 {[%clk 0:06:21]} R6e7 {[%clk 0:11:40]} 33. Nh3 {[%clk 0:04:43]} Re6 {[%clk
0:11:39]} 34. Nf2 {[%clk 0:05:04]} R6e7 {[%clk 0:12:00]} 1/2-1/2

[Event "46th Greek Team Championship"]
[Site "chess24.com"]
[Date "2018.07.11"]
[Round "3"]
[White "Tsiros, Fragkiskos Vlasios"]
[Black "Pavlidis, Pavlos"]
[Result "1-0"]
[Board "8"]
[WhiteElo "2181"]
[WhiteCountry "GRE"]
[WhiteFideId "4228200"]
[WhiteEloChange "3"]
[BlackElo "1906"]
[BlackCountry "GRE"]
[BlackFideId "4200616"]
[BlackEloChange "-3"]

1. e4 {[%clk 1:29:48]} c5 {[%clk 1:30:44]} 2. Nf3 {[%clk 1:29:35]} Nc6 {[%clk
1:31:00]} 3. d4 {[%clk 1:29:57]} cxd4 {[%clk 1:31:23]} 4. Nxd4 {[%clk 1:30:23]}
g6 {[%clk 1:31:44]} 5. Ne2 {[%clk 1:29:43]} Bg7 {[%clk 1:30:55]} 6. g3 {[%clk
1:30:05]} Nf6 {[%clk 1:30:10]} 7. Bg2 {[%clk 1:30:04]} O-O {[%clk 1:29:16]} 8.
O-O {[%clk 1:29:52]} d6 {[%clk 1:25:34]} 9. Nbc3 {[%clk 1:29:42]} a6 {[%clk
1:24:45]} 10. h3 {[%clk 1:29:30]} Qc7 {[%clk 1:23:15]} 11. Be3 {[%clk 1:24:58]}
b5 {[%clk 1:21:28]} 12. Nd5 {[%clk 1:24:14]} Nxd5 {[%clk 1:18:40]} 13. exd5
{[%clk 1:24:38]} Ne5 {[%clk 1:15:16]} 14. b3 {[%clk 1:21:38]} Bb7 {[%clk
1:11:57]} 15. Bd4 {[%clk 1:15:15]} Rac8 {[%clk 1:07:38]} 16. f4 {[%clk 1:07:45]}
Nd7 {[%clk 1:05:47]} 17. Bxg7 {[%clk 1:08:09]} Kxg7 {[%clk 1:06:13]} 18. Qd4+
{[%clk 1:08:28]} Kg8 {[%clk 1:05:30]} 19. c3 {[%clk 1:01:29]} Qc5 {[%clk
0:59:58]} 20. Qxc5 {[%clk 0:55:56]} Rxc5 {[%clk 0:59:34]} 21. b4 {[%clk 0:56:11]}
Rc4 {[%clk 0:58:02]} 22. a4 {[%clk 0:56:24]} Nf6 {[%clk 0:54:30]} 23. axb5 {[%clk
0:51:26]} axb5 {[%clk 0:54:55]} 24. Rfd1 {[%clk 0:50:38]} Ra8 {[%clk 0:53:02]}
25. Rxa8+ {[%clk 0:48:21]} Bxa8 {[%clk 0:53:26]} 26. g4 {[%clk 0:47:38]} Ne4
{[%clk 0:44:39]} 27. Bxe4 {[%clk 0:43:01]} Rxe4 {[%clk 0:43:10]} 28. Kf2 {[%clk
0:43:27]} g5 {[%clk 0:43:02]} 29. fxg5 {[%clk 0:39:53]} Re5 {[%clk 0:39:52]} 30.
Nf4 {[%clk 0:40:00]} Rxg5 {[%clk 0:39:36]} 31. Rd4 {[%clk 0:36:17]} Kg7 {[%clk
0:32:37]} 32. Ke3 {[%clk 0:35:22]} Re5+ {[%clk 0:29:14]} 33. Kd2 {[%clk 0:35:49]}
Kf6 {[%clk 0:19:05]} 34. c4 {[%clk 0:30:56]} bxc4 {[%clk 0:18:28]} 35. Kc3 {[%clk
0:30:49]} e6 {[%clk 0:14:20]} 36. Kxc4 {[%clk 0:24:54]} exd5+ {[%clk 0:12:59]}
37. Nxd5+ {[%clk 0:23:23]} Bxd5+ {[%clk 0:12:06]} 38. Rxd5 {[%clk 0:23:46]} Ke6
{[%clk 0:11:26]} 39. Rxe5+ {[%clk 0:17:05]} dxe5 {[%clk 0:11:27]} 40. g5 {[%clk
0:47:29]} f5 {[%clk 0:32:19]} 41. gxf6 {[%clk 0:47:55]} Kxf6 {[%clk 0:32:44]} 42.
Kd5 {[%clk 0:47:07]} Kf5 {[%clk 0:31:51]} 43. b5 {[%clk 0:47:34]} e4 {[%clk
0:32:11]} 44. Kd4 {[%clk 0:48:02]} Kf4 {[%clk 0:30:47]} 45. b6 {[%clk 0:48:29]}
e3 {[%clk 0:30:45]} 46. b7 {[%clk 0:48:57]} e2 {[%clk 0:31:09]} 47. b8Q+ {[%clk
0:49:21]} Kf3 {[%clk 0:31:35]} 48. Qb3+ {[%clk 0:49:23]} Kf2 {[%clk 0:31:37]} 49.
Qe3+ {[%clk 0:49:47]} Kf1 {[%clk 0:32:01]} 50. Qf3+ {[%clk 0:50:09]} 1-0

[Event "46th Greek Team Championship"]
[Site "chess24.com"]
[Date "2018.07.11"]
[Round "3"]
[White "Brokalakis - Gounaris, Christos"]
[Black "Damianou, Ioannis"]
[Result "1-0"]
[Board "9"]
[WhiteElo "1901"]
[WhiteCountry "GRE"]
[WhiteFideId "4279778"]
[WhiteEloChange "14"]
[BlackElo "2058"]
[BlackCountry "CYP"]
[BlackFideId "5902355"]
[BlackEloChange "-14"]

1. d4 {[%clk 1:30:44]} Nf6 {[%clk 1:30:49]} 2. c4 {[%clk 1:30:47]} e6 {[%clk
1:31:08]} 3. Nc3 {[%clk 1:30:12]} Bb4 {[%clk 1:31:21]} 4. e3 {[%clk 1:29:34]} O-O
{[%clk 1:31:26]} 5. Ne2 {[%clk 1:29:54]} c6 {[%clk 1:31:50]} 6. a3 {[%clk
1:30:09]} Ba5 {[%clk 1:32:10]} 7. c5 {[%clk 1:30:04]} d5 {[%clk 1:31:23]} 8. cxd6
{[%clk 1:30:15]} Qxd6 {[%clk 1:31:46]} 9. b4 {[%clk 1:24:51]} Bc7 {[%clk
1:32:10]} 10. g3 {[%clk 1:24:45]} e5 {[%clk 1:28:04]} 11. Bb2 {[%clk 1:22:18]}
Nbd7 {[%clk 1:26:58]} 12. Bg2 {[%clk 1:21:25]} exd4 {[%clk 1:25:52]} 13. Qxd4
{[%clk 1:16:04]} Ne5 {[%clk 1:22:14]} 14. O-O {[%clk 1:13:38]} Be6 {[%clk
1:15:37]} 15. Rfd1 {[%clk 1:11:36]} Qe7 {[%clk 1:14:46]} 16. Ne4 {[%clk 1:07:51]}
Bb3 {[%clk 1:02:41]} 17. Rdb1 {[%clk 0:45:34]} Bc4 {[%clk 0:48:06]} 18. Nxf6+
{[%clk 0:43:11]} Qxf6 {[%clk 0:47:57]} 19. Qxc4 {[%clk 0:39:49]} Nxc4 {[%clk
0:48:12]} 20. Bxf6 {[%clk 0:40:09]} gxf6 {[%clk 0:48:38]} 21. b5 {[%clk 0:35:49]}
Be5 {[%clk 0:47:16]} 22. Ra2 {[%clk 0:35:50]} cxb5 {[%clk 0:47:07]} 23. Rxb5
{[%clk 0:35:42]} Rad8 {[%clk 0:41:40]} 24. Bxb7 {[%clk 0:33:59]} Rd3 {[%clk
0:38:30]} 25. Be4 {[%clk 0:31:35]} Rd1+ {[%clk 0:34:25]} 26. Kg2 {[%clk 0:31:22]}
Nd6 {[%clk 0:34:40]} 27. Rd5 {[%clk 0:30:28]} Re1 {[%clk 0:31:30]} 28. Bd3 {[%clk
0:29:16]} Rd1 {[%clk 0:29:42]} 29. Bxh7+ {[%clk 0:29:00]} Kxh7 {[%clk 0:30:05]}
30. Rxd1 {[%clk 0:29:26]} 1-0

[Event "46th Greek Team Championship"]
[Site "chess24.com"]
[Date "2018.07.11"]
[Round "3"]
[White "Kanakaris, Georgios"]
[Black "Mihok, Oliver"]
[Result "0-1"]
[Board "1"]
[WhiteElo "2409"]
[WhiteCountry "GRE"]
[WhiteFideId "4209460"]
[WhiteEloChange "-3"]
[BlackElo "2550"]
[BlackTitle "GM"]
[BlackCountry "HUN"]
[BlackFideId "728012"]
[BlackEloChange "3"]

1. d4 {[%clk 1:29:30]} Nf6 {[%clk 1:30:45]} 2. c4 {[%clk 1:29:55]} g6 {[%clk
1:31:06]} 3. Nc3 {[%clk 1:30:13]} Bg7 {[%clk 1:31:31]} 4. g3 {[%clk 1:30:32]} O-O
{[%clk 1:31:22]} 5. Bg2 {[%clk 1:30:57]} d6 {[%clk 1:31:46]} 6. e3 {[%clk
1:30:59]} e5 {[%clk 1:26:24]} 7. Nge2 {[%clk 1:30:27]} c6 {[%clk 1:18:57]} 8. O-O
{[%clk 1:28:56]} Re8 {[%clk 1:16:59]} 9. d5 {[%clk 1:21:22]} e4 {[%clk 1:10:55]}
10. h3 {[%clk 1:08:45]} h5 {[%clk 1:09:33]} 11. b4 {[%clk 1:06:59]} a5 {[%clk
1:04:16]} 12. bxa5 {[%clk 1:07:05]} cxd5 {[%clk 1:00:30]} 13. cxd5 {[%clk
1:05:49]} Rxa5 {[%clk 1:00:02]} 14. Rb1 {[%clk 1:04:13]} Na6 {[%clk 0:59:11]} 15.
Rb5 {[%clk 0:54:56]} Nc5 {[%clk 0:55:06]} 16. Nd4 {[%clk 0:54:41]} Bd7 {[%clk
0:53:21]} 17. Rxa5 {[%clk 0:48:14]} Qxa5 {[%clk 0:53:46]} 18. Bd2 {[%clk
0:48:39]} Qa6 {[%clk 0:52:22]} 19. Qc2 {[%clk 0:46:14]} Re5 {[%clk 0:40:20]} 20.
Rb1 {[%clk 0:38:28]} Qa8 {[%clk 0:27:58]} 21. Ndb5 {[%clk 0:28:11]} Qb8 {[%clk
0:24:39]} 22. Na3 {[%clk 0:27:45]} Nxd5 {[%clk 0:21:40]} 23. Nc4 {[%clk 0:27:45]}
Nxc3 {[%clk 0:20:57]} 24. Nxe5 {[%clk 0:24:20]} Ne2+ {[%clk 0:14:19]} 25. Kf1
{[%clk 0:23:29]} Nxg3+ {[%clk 0:14:16]} 26. fxg3 {[%clk 0:23:54]} Bxe5 {[%clk
0:14:42]} 27. Be1 {[%clk 0:22:45]} Qd8 {[%clk 0:12:28]} 28. Qd2 {[%clk 0:21:14]}
Bc6 {[%clk 0:10:48]} 29. Kg1 {[%clk 0:11:23]} Nd3 {[%clk 0:10:13]} 30. a4 {[%clk
0:10:00]} Nxe1 {[%clk 0:06:44]} 31. Qxe1 {[%clk 0:10:22]} Qg5 {[%clk 0:07:00]}
32. a5 {[%clk 0:09:42]} Bxg3 {[%clk 0:07:14]} 33. Qd2 {[%clk 0:10:04]} Be5 {[%clk
0:06:12]} 34. Rb6 {[%clk 0:09:42]} Qd8 {[%clk 0:03:50]} 35. Rb1 {[%clk 0:03:47]}
Qd7 {[%clk 0:03:11]} 36. Rc1 {[%clk 0:03:10]} Kg7 {[%clk 0:01:49]} 37. Qc2 {[%clk
0:02:46]} Bd5 {[%clk 0:02:02]} 38. Rd1 {[%clk 0:02:03]} Qb5 {[%clk 0:02:03]} 39.
Qd2 {[%clk 0:01:59]} Bc6 {[%clk 0:01:52]} 40. Bf1 {[%clk 0:32:04]} Qb3 {[%clk
0:31:17]} 41. Rc1 {[%clk 0:30:35]} Bb5 {[%clk 0:29:25]} 42. Bxb5 {[%clk 0:25:35]}
Qxb5 {[%clk 0:29:50]} 43. Rd1 {[%clk 0:25:11]} Qb3 {[%clk 0:26:15]} 44. Rf1
{[%clk 0:22:43]} d5 {[%clk 0:19:37]} 45. Rd1 {[%clk 0:22:51]} d4 {[%clk 0:18:56]}
46. exd4 {[%clk 0:22:52]} Bf4 {[%clk 0:19:07]} 47. Qe2 {[%clk 0:22:19]} Qxh3
{[%clk 0:19:18]} 48. Re1 {[%clk 0:22:31]} Bg3 {[%clk 0:15:47]} 49. Rd1 {[%clk
0:22:52]} Bh2+ {[%clk 0:14:02]} 50. Qxh2 {[%clk 0:23:17]} Qg4+ {[%clk 0:14:30]}
51. Kf2 {[%clk 0:23:42]} Qxd1 {[%clk 0:14:52]} 52. Qe5+ {[%clk 0:24:07]} Kh7
{[%clk 0:14:39]} 53. Qxe4 {[%clk 0:24:32]} Qd2+ {[%clk 0:13:57]} 54. Kf3 {[%clk
0:24:24]} Qc3+ {[%clk 0:12:49]} 55. Ke2 {[%clk 0:23:24]} Qb2+ {[%clk 0:10:41]}
56. Kf3 {[%clk 0:23:36]} Qb5 {[%clk 0:08:45]} 57. Ke3 {[%clk 0:19:08]} Qg5+
{[%clk 0:07:57]} 58. Kd3 {[%clk 0:18:14]} Qf5 {[%clk 0:07:19]} 59. d5 {[%clk
0:18:26]} Kg7 {[%clk 0:07:03]} 0-1

[Event "46th Greek Team Championship"]
[Site "chess24.com"]
[Date "2018.07.11"]
[Round "3"]
[White "Papakonstantinou, Dimitrios"]
[Black "Dimopoulos, Symeon"]
[Result "1/2-1/2"]
[Board "3"]
[WhiteElo "2336"]
[WhiteCountry "GRE"]
[WhiteFideId "4218655"]
[WhiteEloChange "-7"]
[BlackElo "2020"]
[BlackCountry "GRE"]
[BlackFideId "4221010"]
[BlackEloChange "7"]

1. e4 {[%clk 1:27:56]} e6 {[%clk 1:30:11]} 2. d3 {[%clk 1:27:07]} d5 {[%clk
1:29:31]} 3. Nd2 {[%clk 1:27:32]} g6 {[%clk 1:27:17]} 4. g3 {[%clk 1:25:01]} Bg7
{[%clk 1:27:32]} 5. Bg2 {[%clk 1:25:25]} Ne7 {[%clk 1:27:39]} 6. Ngf3 {[%clk
1:25:18]} c5 {[%clk 1:27:07]} 7. h4 {[%clk 1:23:12]} h6 {[%clk 1:25:52]} 8. O-O
{[%clk 1:13:28]} Nbc6 {[%clk 1:25:01]} 9. Re1 {[%clk 1:12:56]} b6 {[%clk
1:14:25]} 10. Qe2 {[%clk 1:09:20]} dxe4 {[%clk 0:57:43]} 11. dxe4 {[%clk
1:04:06]} e5 {[%clk 0:50:51]} 12. c3 {[%clk 1:02:47]} O-O {[%clk 0:47:20]} 13. h5
{[%clk 0:53:55]} g5 {[%clk 0:42:46]} 14. Nh2 {[%clk 0:50:23]} Qc7 {[%clk
0:32:22]} 15. Ng4 {[%clk 0:48:28]} Be6 {[%clk 0:29:22]} 16. Ne3 {[%clk 0:36:16]}
Rad8 {[%clk 0:19:37]} 17. Ndf1 {[%clk 0:34:28]} f5 {[%clk 0:14:00]} 18. exf5
{[%clk 0:34:16]} Nxf5 {[%clk 0:14:18]} 19. Nxf5 {[%clk 0:19:04]} Bxf5 {[%clk
0:14:16]} 20. Be3 {[%clk 0:19:20]} Kh8 {[%clk 0:13:12]} 21. Nd2 {[%clk 0:18:55]}
Nd4 {[%clk 0:09:34]} 22. cxd4 {[%clk 0:10:19]} exd4 {[%clk 0:09:39]} 23. Bxg5
{[%clk 0:09:22]} hxg5 {[%clk 0:09:57]} 24. Ne4 {[%clk 0:09:14]} Rde8 {[%clk
0:06:05]} 25. Qd2 {[%clk 0:09:01]} Bxe4 {[%clk 0:04:35]} 26. Bxe4 {[%clk
0:08:54]} Bf6 {[%clk 0:03:16]} 27. Bg6 {[%clk 0:07:42]} Rxe1+ {[%clk 0:03:00]}
28. Rxe1 {[%clk 0:08:11]} c4 {[%clk 0:02:51]} 29. Qb4 {[%clk 0:08:24]} Qc5 {[%clk
0:02:39]} 30. Qa4 {[%clk 0:06:12]} d3 {[%clk 0:02:48]} 31. Qd7 {[%clk 0:04:24]}
Bg7 {[%clk 0:03:01]} 32. Rf1 {[%clk 0:03:12]} Qd4 {[%clk 0:03:11]} 33. Qxa7
{[%clk 0:02:57]} d2 {[%clk 0:01:25]} 34. h6 {[%clk 0:02:55]} Qxf2+ {[%clk
0:01:25]} 35. Rxf2 {[%clk 0:03:02]} d1Q+ {[%clk 0:02:18]} 36. Kg2 {[%clk
0:03:17]} Rxf2+ {[%clk 0:01:52]} 37. Kxf2 {[%clk 0:03:44]} Bd4+ {[%clk 0:02:17]}
38. Kg2 {[%clk 0:04:11]} Qe2+ {[%clk 0:01:18]} 39. Kh3 {[%clk 0:04:20]} Qe6+
{[%clk 0:01:12]} 40. Kh2 {[%clk 0:33:43]} Qe2+ {[%clk 0:30:45]} 41. Kh3 {[%clk
0:34:06]} Qe6+ {[%clk 0:27:26]} 42. Kh2 {[%clk 0:29:50]} Qxg6 {[%clk 0:25:56]}
43. Qb8+ {[%clk 0:30:14]} Kh7 {[%clk 0:24:19]} 44. Qc7+ {[%clk 0:30:36]} Kxh6
{[%clk 0:23:57]} 45. Qxc4 {[%clk 0:31:00]} Qe4 {[%clk 0:23:08]} 46. b3 {[%clk
0:30:29]} Qe3 {[%clk 0:18:08]} 47. Kh3 {[%clk 0:29:00]} Kg7 {[%clk 0:14:58]} 48.
Qc7+ {[%clk 0:27:52]} Kf6 {[%clk 0:14:43]} 49. Qd8+ {[%clk 0:28:17]} Ke5 {[%clk
0:14:01]} 50. Kg4 {[%clk 0:26:49]} Qe4+ {[%clk 0:09:12]} 51. Kxg5 {[%clk
0:25:56]} Be3+ {[%clk 0:07:32]} 52. Kh5 {[%clk 0:26:19]} Qf5+ {[%clk 0:04:51]}
53. Kh4 {[%clk 0:26:49]} Qh7+ {[%clk 0:03:55]} 54. Kg4 {[%clk 0:27:17]} Qg6+
{[%clk 0:03:10]} 55. Kh4 {[%clk 0:26:04]} Ke4 {[%clk 0:02:11]} 56. Qa8+ {[%clk
0:25:47]} Kd3 {[%clk 0:01:56]} 57. Qd5+ {[%clk 0:25:14]} Ke2 {[%clk 0:01:42]} 58.
Kh3 {[%clk 0:21:54]} Qd3 {[%clk 0:01:00]} 59. Qe5 {[%clk 0:19:13]} Qd4 {[%clk
0:00:58]} 60. Qf5 {[%clk 0:18:25]} Qd3 {[%clk 0:00:54]} 61. Qe5 {[%clk 0:18:33]}
Qh7+ {[%clk 0:00:49]} 62. Kg4 {[%clk 0:17:46]} Qg6+ {[%clk 0:01:11]} 63. Kh3
{[%clk 0:17:58]} Qh7+ {[%clk 0:00:37]} 64. Kg4 {[%clk 0:18:24]} Qg6+ {[%clk
0:00:58]} 65. Kh3 {[%clk 0:18:53]} Qg5 {[%clk 0:01:02]} 66. Qe4 {[%clk 0:14:48]}
Kd2 {[%clk 0:00:53]} 67. Kg2 {[%clk 0:14:22]} Kc3 {[%clk 0:00:40]} 68. Kf3 {[%clk
0:12:22]} Bc5 {[%clk 0:00:49]} 69. Qc4+ {[%clk 0:11:24]} Kb2 {[%clk 0:00:51]} 70.
Qe2+ {[%clk 0:09:47]} Kb1 {[%clk 0:00:56]} 71. Qe6 {[%clk 0:04:28]} Qe7 {[%clk
0:00:49]} 72. Qd5 {[%clk 0:01:13]} Qd6 {[%clk 0:00:54]} 73. Qc4 {[%clk 0:01:35]}
Qc6+ {[%clk 0:00:48]} 74. Kg4 {[%clk 0:01:38]} b5 {[%clk 0:01:00]} 75. Qf7 {[%clk
0:01:46]} Qe4+ {[%clk 0:01:07]} 76. Kh5 {[%clk 0:01:34]} Qe5+ {[%clk 0:01:24]}
77. Kg4 {[%clk 0:01:59]} Ba3 {[%clk 0:01:19]} 78. Qf2 {[%clk 0:01:51]} b4 {[%clk
0:01:08]} 79. Kh4 {[%clk 0:01:18]} Qb2 {[%clk 0:00:54]} 80. Qf1+ {[%clk 0:00:53]}
Kxa2 {[%clk 0:01:16]} 81. g4 {[%clk 0:01:22]} Qh8+ {[%clk 0:01:13]} 82. Kg5
{[%clk 0:01:50]} Bb2 {[%clk 0:01:01]} 83. Qa6+ {[%clk 0:01:49]} Kxb3 {[%clk
0:00:42]} 84. Qe6+ {[%clk 0:02:18]} Kc3 {[%clk 0:00:50]} 85. Qe3+ {[%clk
0:02:47]} Kc4 {[%clk 0:00:54]} 86. Qe6+ {[%clk 0:03:08]} Kc5 {[%clk 0:00:55]} 87.
Qe7+ {[%clk 0:03:28]} Kb5 {[%clk 0:00:41]} 88. Qd7+ {[%clk 0:03:50]} Kb6 {[%clk
0:00:52]} 89. Qd6+ {[%clk 0:04:04]} Ka5 {[%clk 0:00:58]} 90. Qc5+ {[%clk
0:03:59]} Ka4 {[%clk 0:01:17]} 91. Qc6+ {[%clk 0:04:14]} Ka3 {[%clk 0:01:16]} 92.
Qa6+ {[%clk 0:04:38]} Kb3 {[%clk 0:01:33]} 93. Qe6+ {[%clk 0:05:07]} Kc2 {[%clk
0:01:48]} 94. Qe4+ {[%clk 0:05:35]} Kc3 {[%clk 0:01:47]} 95. Qe3+ {[%clk
0:05:54]} Kc2 {[%clk 0:01:08]} 96. Qe4+ {[%clk 0:06:23]} 1/2-1/2

[Event "46th Greek Team Championship"]
[Site "chess24.com"]
[Date "2018.07.11"]
[Round "3"]
[White "Loukopoulos, Panagiotis-Athanasi"]
[Black "Papakonstantinou, Dimitrios 2"]
[Result "1/2-1/2"]
[Board "8"]
[WhiteElo "1942"]
[WhiteCountry "GRE"]
[WhiteFideId "4293835"]
[WhiteEloChange "2"]
[BlackElo "2028"]
[BlackCountry "GRE"]
[BlackFideId "4250990"]
[BlackEloChange "-2"]

1. e4 {[%clk 1:30:53]} c5 {[%clk 1:29:32]} 2. Nc3 {[%clk 1:30:29]} Nc6 {[%clk
1:29:56]} 3. Bb5 {[%clk 1:30:53]} Nd4 {[%clk 1:30:21]} 4. Nf3 {[%clk 1:31:18]}
Nxb5 {[%clk 1:30:47]} 5. Nxb5 {[%clk 1:31:41]} a6 {[%clk 1:31:15]} 6. Nc3 {[%clk
1:32:05]} d6 {[%clk 1:31:34]} 7. d4 {[%clk 1:32:28]} cxd4 {[%clk 1:31:59]} 8.
Qxd4 {[%clk 1:32:49]} e5 {[%clk 1:32:11]} 9. Qd3 {[%clk 1:33:10]} h6 {[%clk
1:32:37]} 10. Nd2 {[%clk 1:31:44]} Be6 {[%clk 1:22:41]} 11. Nc4 {[%clk 1:31:26]}
Rc8 {[%clk 1:18:22]} 12. Ne3 {[%clk 1:31:35]} Nf6 {[%clk 1:18:38]} 13. O-O {[%clk
1:29:04]} Be7 {[%clk 1:18:50]} 14. a4 {[%clk 1:28:39]} O-O {[%clk 1:18:41]} 15.
Rd1 {[%clk 1:26:14]} Qc7 {[%clk 1:18:23]} 16. Bd2 {[%clk 1:21:51]} Qc6 {[%clk
1:16:29]} 17. Be1 {[%clk 1:19:32]} Rfd8 {[%clk 1:06:29]} 18. f3 {[%clk 1:00:40]}
Rd7 {[%clk 1:06:51]} 19. Bf2 {[%clk 0:55:29]} Bc4 {[%clk 0:54:34]} 20. Nxc4
{[%clk 0:51:49]} Qxc4 {[%clk 0:55:02]} 21. Qxc4 {[%clk 0:51:07]} Rxc4 {[%clk
0:55:08]} 22. a5 {[%clk 0:41:58]} Bd8 {[%clk 0:54:15]} 23. Kf1 {[%clk 0:37:55]}
Kf8 {[%clk 0:49:21]} 24. Ke2 {[%clk 0:35:40]} Ke7 {[%clk 0:46:53]} 25. Rd2 {[%clk
0:31:06]} Ke6 {[%clk 0:38:07]} 26. Ra3 {[%clk 0:27:20]} Rc8 {[%clk 0:31:47]} 27.
g4 {[%clk 0:20:31]} d5 {[%clk 0:30:59]} 28. exd5+ {[%clk 0:20:57]} Nxd5 {[%clk
0:31:25]} 29. Nxd5 {[%clk 0:21:22]} Rxd5 {[%clk 0:31:52]} 30. Rxd5 {[%clk
0:21:37]} Kxd5 {[%clk 0:32:18]} 31. Kd3 {[%clk 0:21:37]} 1/2-1/2

[Event "46th Greek Team Championship"]
[Site "chess24.com"]
[Date "2018.07.11"]
[Round "3"]
[White "Antoniadou, Paraskevi"]
[Black "Michna, Marta"]
[Result "0-1"]
[Board "5"]
[WhiteElo "1764"]
[WhiteCountry "GRE"]
[WhiteFideId "4220676"]
[WhiteEloChange "-2"]
[BlackElo "2322"]
[BlackTitle "WGM"]
[BlackCountry "GER"]
[BlackFideId "1106686"]
[BlackEloChange "2"]

1. e4 {[%clk 1:30:58]} d6 {[%clk 1:29:14]} 2. d4 {[%clk 1:30:49]} Nf6 {[%clk
1:28:52]} 3. Nc3 {[%clk 1:30:54]} c6 {[%clk 1:29:14]} 4. Be3 {[%clk 1:31:09]} Qa5
{[%clk 1:28:28]} 5. f3 {[%clk 1:30:26]} e5 {[%clk 1:26:16]} 6. Ne2 {[%clk
1:29:57]} h5 {[%clk 1:24:37]} 7. Qd2 {[%clk 1:24:55]} Nbd7 {[%clk 1:23:58]} 8.
dxe5 {[%clk 1:22:04]} dxe5 {[%clk 1:24:14]} 9. Nc1 {[%clk 1:19:09]} Be7 {[%clk
1:19:55]} 10. Nb3 {[%clk 1:17:57]} Qc7 {[%clk 1:20:17]} 11. Qf2 {[%clk 1:17:08]}
b6 {[%clk 1:17:07]} 12. Bc4 {[%clk 1:12:49]} Nf8 {[%clk 1:07:53]} 13. a4 {[%clk
1:08:53]} Bb4 {[%clk 1:07:14]} 14. O-O {[%clk 1:03:44]} Be6 {[%clk 1:07:00]} 15.
Bxe6 {[%clk 1:02:08]} Nxe6 {[%clk 1:07:27]} 16. Rfd1 {[%clk 0:58:22]} O-O {[%clk
1:00:43]} 17. a5 {[%clk 0:54:41]} bxa5 {[%clk 0:59:46]} 18. Nc5 {[%clk 0:54:02]}
Nxc5 {[%clk 0:55:29]} 19. Bxc5 {[%clk 0:54:25]} Rfd8 {[%clk 0:48:29]} 20. Rxd8+
{[%clk 0:51:23]} Rxd8 {[%clk 0:47:49]} 21. h4 {[%clk 0:44:10]} Rd7 {[%clk
0:36:28]} 22. Kh2 {[%clk 0:37:33]} Nh7 {[%clk 0:32:58]} 23. Qe3 {[%clk 0:30:40]}
Nf8 {[%clk 0:29:47]} 24. Ra4 {[%clk 0:27:42]} Qd8 {[%clk 0:25:15]} 25. Kg3 {[%clk
0:26:39]} Ng6 {[%clk 0:25:20]} 26. Kf2 {[%clk 0:22:31]} Qxh4+ {[%clk 0:22:31]}
27. Kf1 {[%clk 0:22:27]} Bxc3 {[%clk 0:20:12]} 28. Qxc3 {[%clk 0:22:41]} Qh1+
{[%clk 0:20:36]} 29. Kf2 {[%clk 0:21:01]} Nf4 {[%clk 0:20:08]} 30. Qe1 {[%clk
0:18:24]} Qxg2+ {[%clk 0:20:28]} 31. Ke3 {[%clk 0:18:48]} Qxc2 {[%clk 0:20:46]}
32. Qxa5 {[%clk 0:18:05]} Rd3# {[%clk 0:21:08]} 0-1